Aktuálny stav procesu prijímania návrhu novej regulácie CRD IV/CRR

Hospodárska a dlhová kríza nastolila otázky, ktoré súvisia s obsahom a rozsahom regulácie bankovníctva, keďže sa objavila vo finančnom sektore krátko po implementácii konceptu Bazilej II. Ozývajú sa hlasy, že práve väčšia miera regulácie mala podiel na jej vzniku alebo založila predpoklady na jej vz...

Descripción completa

Guardado en:
Detalles Bibliográficos
Autor principal: Krčmár, Matej
Formato: Capítulo de libro
Lenguaje:eslovaco
Materias:
Etiquetas: Agregar Etiqueta
Sin Etiquetas, Sea el primero en etiquetar este registro!

MARC

LEADER 00000naa a2200000 4500
001 0161739
005 20231116091702.9
041 0 |a slo 
044 |a SK 
245 1 0 |a Aktuálny stav procesu prijímania návrhu novej regulácie CRD IV/CRR  |c Matej Krčmár 
520 |a Hospodárska a dlhová kríza nastolila otázky, ktoré súvisia s obsahom a rozsahom regulácie bankovníctva, keďže sa objavila vo finančnom sektore krátko po implementácii konceptu Bazilej II. Ozývajú sa hlasy, že práve väčšia miera regulácie mala podiel na jej vzniku alebo založila predpoklady na jej vznik. Odpovede na tieto otázky má, resp. mala priniesť nová regulácia finančného systému známa ako Bazilej III. 
610 2 0 |a právo európske 
610 2 0 |a Európska centrálna banka 
610 2 0 |a inštitúcie finančné 
610 2 0 |a dohľad nad finančným trhom 
100 1 |a Krčmár, Matej